We abide by intellectual property law when we support users in copying parts of any needed textbook — We hold events such as the Arabian Coffee Club, seminars, academic training, and workshops — We encourage library users to be part of our acquisition team by suggesting resources they would like to add to our collection — Cellphones are to be kept silent — Smoking/vaping is not allowed inside the library — Private conversation, side talks, and chatting are strictly prohibited in the library's reading room
Normal view MARC view

Entry Topical Term

Number of records used in: 1

001 - CONTROL NUMBER

  • control field: 3585

003 - CONTROL NUMBER IDENTIFIER

  • control field: DLC

005 - DATE AND TIME OF LATEST TRANSACTION

  • control field: 20221024144457.0

008 - FIXED-LENGTH DATA ELEMENTS

  • fixed length control field: 080305|| anannbabn |n ana

010 ## - LIBRARY OF CONGRESS CONTROL NUMBER

  • LC control number: sh2008109334

040 ## - CATALOGING SOURCE

  • Original cataloging agency: DLC
  • Language of cataloging: eng
  • Transcribing agency: DLC

150 #0 - HEADING--TOPICAL TERM

  • Topical term or geographic name entry element: Physics
  • General subdivision: Data processing.

670 ## - SOURCE DATA FOUND

  • Source citation: Work cat.: General physics problem solving with CAS Derive, c2001